[Event "Reykjavik op"]
[Site "Reykjavik"]
[Date "2023.04.01"]
[Round "5"]
[White "Melzner, Lukas"]
[Black "Andriessen, Bart Jan"]
[Result "1-0"]
[WhiteElo "2199"]
[BlackElo "1966"]
[PlyCount "85"]
[EventDate "2023.03.29"]
[EventType "swiss"]
[EventRounds "9"]
[EventCountry "ISL"]
[SourceTitle "CBM 213 Extra"]
[Source "ChessBase"]
[SourceDate "2023.05.31"]
[SourceVersion "1"]
[SourceVersionDate "2023.05.31"]
[SourceQuality "1"]

1. c4 Nf6 2. g3 d5 3. cxd5 Nxd5 4. Bg2 e5 5. Nc3 Nb6 6. Nf3 Nc6 7. 0-0 Be7 8. a3 Be6 9. b4 f6 10. d3 0-0 11. Bb2 a6 12. Rc1 Nd4 13. Nd2 c6 14. Nce4 Nd7 15. e3 Nb5 16. Nb3 Rb8 17. d4 exd4 18. Nxd4 Nxd4 19. Qxd4 Qb6 20. Qc3 Rfd8 21. Ng5 c5 22. Nxe6 Qxe6 23. Rfd1 Kh8 24. Rd5 cxb4 25. axb4 Rdc8 26. Qxc8+ Rxc8 27. Rxc8+ Nf8 28. Rb8 h6 29. Rxb7 Ng6 30. Rdd7 Qb3 31. Be4 f5 32. Bxf5 Qxb2 33. Bxg6 Qc1+ 34. Kg2 Qc6+ 35. e4 Qxg6 36. Rxe7 h5 37. h4 Qc6 38. Rbd7 Qc4 39. Rb7 Qc6 40. Rbc7 Qg6 41. Kg1 Qg4 42. Rxg7 Qxe4 43. Rge7 1-0

[Event "Reykjavik op"]
[Site "Reykjavik"]
[Date "2023.03.30"]
[Round "3"]
[White "Melzner, Lukas"]
[Black "George Samir, David"]
[Result "1-0"]
[WhiteElo "2199"]
[BlackElo "1993"]
[PlyCount "109"]
[EventDate "2023.03.29"]
[EventType "swiss"]
[EventRounds "9"]
[EventCountry "ISL"]
[SourceTitle "CBM 213 Extra"]
[Source "ChessBase"]
[SourceDate "2023.05.31"]
[SourceVersion "1"]
[SourceVersionDate "2023.05.31"]
[SourceQuality "1"]

1. c4 c5 2. g3 Nc6 3. Bg2 g6 4. Nc3 Bg7 5. Nf3 e6 6. d3 Nge7 7. Bg5 h6 8. Bd2 b6 9. Rb1 Bb7 10. 0-0 0-0 11. a3 d5 12. b4 cxb4 13. axb4 dxc4 14. dxc4 Rc8 15. Qc1 Kh7 16. Rd1 Qc7 17. Nb5 Qb8 18. Nd6 Rcd8 19. Nxb7 Rd7 20. b5 Ne5 21. Nxe5 Bxe5 22. Bf4 Bxf4 23. Qxf4 Rxb7 24. Bxb7 Qxb7 25. Rd3 Nf5 26. e4 g5 27. Qe5 Ne7 28. Qd4 Ng6 29. Ra1 Qc7 30. Kg2 Ne5 31. Qd6 Qxc4 32. Rd4 Qc3 33. Ra3 Qc1 34. Rxa7 Qc5 35. Rc7 Qxd6 36. Rxd6 g4 37. Rxe6 Nf3 38. Rxb6 Kg7 39. Rbc6 Nd4 40. Rb6 Re8 41. Rbb7 Rxe4 42. Rxf7+ Kg6 43. Rg7+ Kh5 44. Rbe7 Ne6 45. Rxe6 Rxe6 46. h3 gxh3+ 47. Kxh3 Re4 48. f4 Re3 49. Rb7 Rb3 50. Rb8 Kg6 51. b6 Kg7 52. b7 Rb5 53. f5 h5 54. f6+ Kf7 55. Rh8 1-0

[Event "Reykjavik op"]
[Site "Reykjavik"]
[Date "2023.03.29"]
[Round "1"]
[White "Melzner, Lukas"]
[Black "Lagarde, Maxime"]
[Result "0-1"]
[WhiteElo "2199"]
[BlackElo "2581"]
[PlyCount "106"]
[EventDate "2023.03.29"]
[EventType "swiss"]
[EventRounds "9"]
[EventCountry "ISL"]
[SourceTitle "CBM 213 Extra"]
[Source "ChessBase"]
[SourceDate "2023.05.31"]
[SourceVersion "1"]
[SourceVersionDate "2023.05.31"]
[SourceQuality "1"]

1. c4 b6 2. Nc3 Bb7 3. e4 e5 4. g3 Bc5 5. Bg2 Nc6 6. d3 Nge7 7. Nf3 d6 8. a3 a5 9. 0-0 0-0 10. Be3 f5 11. d4 exd4 12. Nxd4 Nxd4 13. Bxd4 f4 14. Bxc5 bxc5 15. Re1 Ng6 16. Nd5 Kh8 17. Nxf4 Nxf4 18. gxf4 Rxf4 19. Re3 Qh4 20. Qe2 Raf8 21. Rf1 a4 22. e5 Bxg2 23. Kxg2 Rxc4 24. e6 Qg4+ 25. Qxg4 Rxg4+ 26. Kh3 Rgf4 27. e7 Re8 28. Kg3 Rd4 29. Rfe1 c4 30. R1e2 Kg8 31. Kg2 g5 32. Rg3 h6 33. Rh3 Rg4+ 34. Kh1 Kg7 35. Rhe3 d5 36. Re5 d4 37. R2e4 Rxe4 38. Rxe4 c5 39. Re5 Kf6 40. Rxc5 Rxe7 41. Rxc4 Ke5 42. Kg2 d3 43. Rc5+ Kd4 44. Rc6 h5 45. Ra6 Kc5 46. Ra5+ Kc4 47. Rxa4+ Kb3 48. Rd4 Kc2 49. Rd8 d2 50. Rc8+ Kxb2 51. Rb8+ Kc2 52. Rc8+ Kd3 53. Rd8+ Ke2 0-1

[Event "Reutlingen op 19th"]
[Site "Reutlingen"]
[Date "2014.06.09"]
[Round "5"]
[White "Andreev, Vlad"]
[Black "Melzner, Lukas"]
[Result "0-1"]
[WhiteElo "2046"]
[BlackElo "2172"]
[PlyCount "66"]
[EventDate "2014.06.07"]
[EventType "swiss"]
[EventRounds "7"]
[EventCountry "GER"]
[SourceTitle "EXT 2015"]
[Source "ChessBase"]
[SourceDate "2014.11.20"]
[SourceVersion "1"]
[SourceVersionDate "2014.11.20"]
[SourceQuality "1"]

1. d4 f5 2. g3 Nf6 3. Bg2 g6 4. Nf3 Bg7 5. 0-0 0-0 6. b3 d6 7. Bb2 Qe8 8. c4 Na6 9. Nbd2 c5 10. d5 b5 11. e4 bxc4 12. bxc4 Rb8 13. Bc3 fxe4 14. Ng5 Bg4 15. Qc1 Bh6 16. Ndxe4 Nb4 17. a3 Bf5 18. f4 Bxg5 19. Nxf6+ Bxf6 20. axb4 Bxc3 21. Qxc3 cxb4 22. Qe3 b3 23. Be4 Bxe4 24. Qxe4 Qd7 25. Rfb1 Rb7 26. Ra3 Rfb8 27. Qd3 b2 28. Ra2 Qf5 29. Qxf5 gxf5 30. Kf2 Kf7 31. Ke3 Rb3+ 32. Kd4 R8b7 33. c5 R7b4# 0-1

[Event "Augsburg op"]
[Site "Augsburg"]
[Date "2013.12.28"]
[Round "4"]
[White "Niedermeier, Thomas"]
[Black "Melzner, Lukas"]
[Result "1-0"]
[WhiteElo "2145"]
[BlackElo "2209"]
[PlyCount "49"]
[EventDate "2013.12.27"]
[EventType "swiss"]
[EventRounds "7"]
[EventCountry "GER"]
[SourceTitle "CBM 158 Extra"]
[Source "ChessBase"]
[SourceDate "2014.02.28"]
[SourceVersion "1"]
[SourceVersionDate "2014.02.28"]
[SourceQuality "1"]

1. e4 e6 2. d4 d5 3. Nc3 Bb4 4. e5 c5 5. a3 Bxc3+ 6. bxc3 Ne7 7. Qg4 0-0 8. Bd3 f5 9. exf6 Rxf6 10. Qh5 g6 11. Qd1 Qa5 12. Bd2 Nbc6 13. Nf3 Qc7 14. 0-0 e5 15. Nxe5 Nxe5 16. dxe5 Qxe5 17. Re1 Qd6 18. Bg5 Re6 19. c4 Nc6 20. Qf3 d4 21. Be4 Ne5 22. Qg3 Nxc4 23. Qxd6 Rxd6 24. Be7 Rb8 25. Bd3 1-0

[Event "Augsburg op"]
[Site "Augsburg"]
[Date "2013.12.27"]
[Round "1"]
[White "Melzner, Lukas"]
[Black "Crone, Stephan"]
[Result "1-0"]
[WhiteElo "2209"]
[BlackElo "1809"]
[PlyCount "55"]
[EventDate "2013.12.27"]
[EventType "swiss"]
[EventRounds "7"]
[EventCountry "GER"]
[SourceTitle "CBM 158 Extra"]
[Source "ChessBase"]
[SourceDate "2014.02.28"]
[SourceVersion "1"]
[SourceVersionDate "2014.02.28"]
[SourceQuality "1"]

1. c4 e5 2. g3 Nf6 3. Bg2 Nc6 4. Nc3 Bb4 5. Nd5 Bc5 6. Nf3 d6 7. 0-0 0-0 8. d3 h6 9. e3 Nxd5 10. cxd5 Ne7 11. d4 exd4 12. Nxd4 Bd7 13. Qd3 Qc8 14. Bd2 Bh3 15. b4 Bxg2 16. Kxg2 Bxd4 17. Qxd4 Qf5 18. e4 Qe5 19. Qxe5 dxe5 20. b5 Rfd8 21. f4 exf4 22. Bxf4 c6 23. bxc6 bxc6 24. d6 Ng6 25. Rfd1 f6 26. d7 Nf8 27. Rac1 Nxd7 28. Bc7 1-0

[Event "Reutlingen op 18th"]
[Site "Reutlingen"]
[Date "2013.05.19"]
[Round "4"]
[White "Lanka, Zigurds"]
[Black "Melzner, Lukas"]
[Result "1-0"]
[WhiteElo "2427"]
[BlackElo "2189"]
[PlyCount "55"]
[EventDate "2013.05.17"]
[EventType "swiss"]
[EventRounds "7"]
[EventCountry "GER"]
[SourceTitle "CBM 154 Extra"]
[Source "ChessBase"]
[SourceDate "2013.06.25"]
[SourceVersion "2"]
[SourceVersionDate "2013.06.25"]
[SourceQuality "1"]

1. e4 e6 2. d4 d5 3. Nc3 Bb4 4. e5 c5 5. a3 Bxc3+ 6. bxc3 Ne7 7. Nf3 Nbc6 8. Be2 Qa5 9. Bd2 Bd7 10. 0-0 c4 11. Re1 f6 12. Bf1 0-0-0 13. g3 Ng6 14. h4 h5 15. Bh3 fxe5 16. Nxe5 Ngxe5 17. dxe5 Rdf8 18. a4 Ne7 19. Qc1 Nf5 20. Qa3 Nd4 21. cxd4 Qxd2 22. Qc5+ Kb8 23. Rf1 Rf7 24. a5 a6 25. Rab1 Rhf8 26. Rxb7+ Kxb7 27. Bxe6 Qxc2 28. Bxd5+ 1-0

[Event "Stuttgart-chA int"]
[Site "Ditzingen"]
[Date "2013.05.12"]
[Round "7"]
[White "Melzner, Lukas"]
[Black "Dobosz, Henryk"]
[Result "0-1"]
[WhiteElo "2189"]
[BlackElo "2374"]
[PlyCount "50"]
[EventDate "2013.05.09"]
[EventType "swiss"]
[EventRounds "7"]
[EventCountry "GER"]
[SourceTitle "EXT 2014"]
[Source "ChessBase"]
[SourceDate "2013.11.20"]
[SourceVersion "1"]
[SourceVersionDate "2013.11.20"]
[SourceQuality "1"]

1. c4 c5 2. g3 Nf6 3. Bg2 d5 4. cxd5 Nxd5 5. Nc3 Nc7 6. Nf3 Nc6 7. 0-0 e5 8. a3 f6 9. d3 Be6 10. Be3 Qd7 11. Rc1 Nd4 12. Nd2 Na6 13. Nce4 Be7 14. Bxd4 exd4 15. Nc4 0-0 16. Qd2 b6 17. f4 Rac8 18. Rc2 Nc7 19. b4 cxb4 20. axb4 Nd5 21. f5 Bxf5 22. Rxf5 Qxf5 23. Ncd6 Bxd6 24. Rxc8 Qxc8 25. Nxd6 Qe6 0-1

[Event "Stuttgart-chA int"]
[Site "Ditzingen"]
[Date "2013.05.10"]
[Round "3"]
[White "Krockenberger, Martin"]
[Black "Melzner, Lukas"]
[Result "1/2-1/2"]
[WhiteElo "2180"]
[BlackElo "2189"]
[PlyCount "103"]
[EventDate "2013.05.09"]
[EventType "swiss"]
[EventRounds "7"]
[EventCountry "GER"]
[SourceTitle "EXT 2014"]
[Source "ChessBase"]
[SourceDate "2013.11.20"]
[SourceVersion "1"]
[SourceVersionDate "2013.11.20"]
[SourceQuality "1"]

1. c4 e6 2. g3 Nf6 3. Bg2 d5 4. Nf3 Be7 5. 0-0 0-0 6. b3 b6 7. Bb2 Bb7 8. d3 c5 9. e3 Nc6 10. Qe2 Qc7 11. Nc3 Rad8 12. Rfd1 Rfe8 13. Rac1 Qb8 14. Qf1 Bf8 15. cxd5 Nxd5 16. Nxd5 Rxd5 17. d4 Nb4 18. Ne5 Ba6 19. Qe1 Rxe5 20. dxe5 Nd3 21. Qc3 Nxc1 22. Qxc1 Rd8 23. h4 Qc7 24. Rxd8 Qxd8 25. Be4 Qd7 26. Qc2 h6 27. Bc3 Bb7 28. Bxb7 Qxb7 29. e4 Qd7 30. f3 Be7 31. Kf2 Kf8 32. Ke2 Ke8 33. Qd3 b5 34. Qxd7+ Kxd7 35. Kd3 h5 36. f4 Kc6 37. Be1 Bd8 38. Bc3 Bb6 39. Be1 g6 40. Kc2 b4 41. Bf2 a5 42. Be1 Kb5 43. Bf2 a4 44. Kd3 c4+ 45. bxc4+ Kc6 46. Be1 Bc5 47. Kc2 Bg1 48. Bxb4 Bf2 49. Be7 Bxg3 50. Bg5 Kc5 51. Kd3 Be1 52. Be7+ 1/2-1/2

[Event "Stuttgart-chA int"]
[Site "Ditzingen"]
[Date "2013.05.10"]
[Round "4"]
[White "Melzner, Lukas"]
[Black "Schulz, Jens Peter"]
[Result "1-0"]
[WhiteElo "2189"]
[BlackElo "1839"]
[PlyCount "155"]
[EventDate "2013.05.09"]
[EventType "swiss"]
[EventRounds "7"]
[EventCountry "GER"]
[SourceTitle "EXT 2014"]
[Source "ChessBase"]
[SourceDate "2013.11.20"]
[SourceVersion "1"]
[SourceVersionDate "2013.11.20"]
[SourceQuality "1"]

1. c4 c5 2. g3 g6 3. Bg2 Bg7 4. Nc3 Nc6 5. Nf3 e5 6. a3 Nge7 7. 0-0 0-0 8. Rb1 a5 9. d3 d6 10. Ne1 Rb8 11. Nc2 Be6 12. Bd2 f5 13. Nd5 Bf7 14. Nce3 b6 15. b4 axb4 16. axb4 Nxd5 17. Nxd5 h6 18. Bc3 Ne7 19. Nxe7+ Qxe7 20. Rb2 b5 21. cxb5 Rxb5 22. Qa4 Be8 23. Qa6 e4 24. Qa3 cxb4 25. Rxb4 d5 26. Qb3 Rxb4 27. Bxb4 Qb7 28. dxe4 fxe4 29. Rb1 Rf7 30. f3 Qa7+ 31. Kh1 Bc6 32. fxe4 dxe4 33. Qe6 Bd7 34. Qxe4 Kh7 35. Qc4 Bf5 36. Rf1 Rc7 37. Qf4 Rd7 38. Qf3 Rd4 39. Bc3 Rd7 40. e4 Be6 41. Bxg7 Rxg7 42. Qf8 Rf7 43. Rxf7+ Bxf7 44. h4 g5 45. Qd8 Qa1+ 46. Kh2 Qe5 47. Qd7 Kg6 48. hxg5 hxg5 49. Bf3 Qb2+ 50. Kg1 Qa1+ 51. Kf2 Qb2+ 52. Be2 Qf6+ 53. Ke3 Qc3+ 54. Bd3 Qe1+ 55. Kd4 Qg1+ 56. Kc3 Qa1+ 57. Kd2 Qb2+ 58. Ke3 Qc1+ 59. Ke2 Qb2+ 60. Kf3 Kg7 61. Qf5 Qc1 62. e5 Qh1+ 63. Ke2 Qg2+ 64. Kd1 Qg1+ 65. Kc2 Qc5+ 66. Kb2 Qb4+ 67. Kc2 Qc5+ 68. Kd2 Qb4+ 69. Ke2 Qb2+ 70. Kf3 Qb7+ 71. Kg4 Qb4+ 72. Be4 Qd2 73. Qxg5+ Qxg5+ 74. Kxg5 Be6 75. Bf5 Bb3 76. g4 Kf7 77. e6+ Ke7 78. Kh6 1-0

[Event "Stuttgart-chA int"]
[Site "Ditzingen"]
[Date "2013.05.09"]
[Round "1"]
[White "Dimitriadis, Pavlos"]
[Black "Melzner, Lukas"]
[Result "0-1"]
[WhiteElo "1871"]
[BlackElo "2189"]
[PlyCount "96"]
[EventDate "2013.05.09"]
[EventType "swiss"]
[EventRounds "7"]
[EventCountry "GER"]
[SourceTitle "EXT 2014"]
[Source "ChessBase"]
[SourceDate "2013.11.20"]
[SourceVersion "1"]
[SourceVersionDate "2013.11.20"]
[SourceQuality "1"]

1. Nf3 e6 2. g3 Nf6 3. Bg2 d5 4. 0-0 Be7 5. c4 0-0 6. b3 b6 7. Bb2 Bb7 8. d3 c5 9. e3 Nc6 10. Nbd2 Qc7 11. Rc1 Nb4 12. Qe2 Nxa2 13. Rcd1 Nd7 14. d4 dxc4 15. Nxc4 Nb4 16. Nfe5 Bxg2 17. Kxg2 Nxe5 18. dxe5 Rad8 19. Qg4 Rd3 20. Rxd3 Nxd3 21. Bc3 Qc6+ 22. f3 b5 23. Nd6 Qd5 24. Qe4 Bxd6 25. Qxd5 exd5 26. exd6 b4 27. Rd1 c4 28. Rxd3 cxd3 29. Bxb4 f6 30. Kf2 Kf7 31. Ba5 Ke6 32. Bc7 a5 33. Ke1 Ra8 34. Kd2 a4 35. bxa4 Rxa4 36. Kxd3 Ra3+ 37. Kd4 Ra4+ 38. Kd3 f5 39. h4 Ra3+ 40. Kd4 Ra4+ 41. Kd3 Ra2 42. Bb8 Rb2 43. Bc7 Rg2 44. Kd4 Rd2+ 45. Kc3 Rf2 46. Kd3 g6 47. Bb8 Kd7 48. Bc7 Rxf3 0-1

[Event "Nuremberg LGA Cup 8th"]
[Site "Nuremberg"]
[Date "2011.09.10"]
[Round "5"]
[White "Melzner, Lukas"]
[Black "Breutigam, Martin"]
[Result "1-0"]
[WhiteElo "2176"]
[BlackElo "2377"]
[PlyCount "119"]
[EventDate "2011.09.08"]
[EventType "swiss"]
[EventRounds "7"]
[EventCountry "GER"]
[SourceTitle "CBM 144 Extra"]
[Source "ChessBase"]
[SourceDate "2011.10.28"]
[SourceVersion "1"]
[SourceVersionDate "2011.10.28"]
[SourceQuality "1"]

1. c4 e6 2. Nf3 d5 3. b3 Nf6 4. g3 Be7 5. Bg2 0-0 6. 0-0 c5 7. e3 Nc6 8. d3 Re8 9. Nbd2 Bf8 10. a3 a5 11. Re1 Rb8 12. Qc2 b5 13. Bb2 Rb6 14. cxb5 Rxb5 15. d4 Qd6 16. Rac1 Nd7 17. e4 Nxd4 18. Nxd4 cxd4 19. exd5 e5 20. a4 Rxd5 21. Nc4 Qe6 22. Bxd5 Qxd5 23. Qe4 Qxe4 24. Rxe4 Bb7 25. Ree1 Bb4 26. Bxd4 Bxe1 27. Rxe1 f6 28. Nxa5 Bd5 29. b4 Kf7 30. Be3 Rc8 31. Ra1 Rc2 32. b5 Ke6 33. Kf1 f5 34. Ke1 Kd6 35. Kd1 Rb2 36. Kc1 Re2 37. Ra3 g5 38. Kd1 Rb2 39. Bd2 Nb6 40. Kc1 Ra2 41. Nb7+ Kc7 42. Rxa2 Bxa2 43. Nc5 Kd6 44. Bb4 g4 45. Nb3+ Kd5 46. a5 Nc4 47. Kc2 f4 48. Nc1 Nxa5 49. Nxa2 Nb7 50. gxf4 exf4 51. Kd3 h5 52. Nc3+ Ke5 53. Na4 h4 54. Ke2 h3 55. Kf1 Kd5 56. b6 Nd8 57. Be7 Nc6 58. b7 Ke6 59. Bg5 Kf5 60. Bd8 1-0

[Event "Nuremberg LGA Cup 8th"]
[Site "Nuremberg"]
[Date "2011.09.08"]
[Round "1"]
[White "Melzner, Lukas"]
[Black "Baramidze, David"]
[Result "0-1"]
[WhiteElo "2117"]
[BlackElo "2595"]
[PlyCount "38"]
[EventDate "2011.09.08"]
[EventType "swiss"]
[EventRounds "7"]
[EventCountry "GER"]
[SourceTitle "CBM 144 Extra"]
[Source "ChessBase"]
[SourceDate "2011.10.28"]
[SourceVersion "1"]
[SourceVersionDate "2011.10.28"]
[SourceQuality "1"]

1. c4 e6 2. Nf3 Nf6 3. g3 Be7 4. Bg2 d5 5. b3 0-0 6. 0-0 c5 7. e3 Nc6 8. Bb2 d4 9. exd4 cxd4 10. Re1 Ne8 11. a3 a5 12. Ne5 Nxe5 13. Rxe5 f6 14. Re2 e5 15. d3 Bg4 16. f3 Bf5 17. g4 Bd7 18. b4 Nc7 19. Qe1 Ne6 0-1

[Event "Stuttgart-chA int"]
[Site "Gerlingen"]
[Date "2011.06.04"]
[Round "7"]
[White "Schaffert, Walter"]
[Black "Melzner, Lukas"]
[Result "0-1"]
[WhiteElo "1944"]
[BlackElo "2183"]
[PlyCount "124"]
[EventDate "2011.06.02"]
[EventType "swiss"]
[EventRounds "7"]
[EventCountry "GER"]
[SourceTitle "EXT 2018"]
[Source "ChessBase"]
[SourceDate "2017.10.13"]
[SourceVersion "1"]
[SourceVersionDate "2017.10.13"]
[SourceQuality "1"]

1. e4 e6 2. d4 d5 3. e5 c5 4. c3 Qb6 5. Nf3 Nc6 6. a3 c4 7. Nbd2 f6 8. exf6 Nxf6 9. b3 cxb3 10. Nxb3 Bd6 11. c4 Qc7 12. c5 Bf4 13. Bxf4 Qxf4 14. Qd2 Qg4 15. Qg5 Qxg5 16. Nxg5 e5 17. dxe5 Nxe5 18. f4 Nc4 19. Nd4 0-0 20. Bxc4 dxc4 21. 0-0 Nd5 22. Nge6 Bxe6 23. Nxe6 Rf6 24. Rae1 Re8 25. f5 g6 26. g4 h5 27. Re5 Nc7 28. Rfe1 Nxe6 29. fxe6 hxg4 30. R5e4 c3 31. R4e3 Rf3 32. Rxf3 gxf3 33. Kf2 c2 34. Rc1 Rxe6 35. Rxc2 Rc6 36. Kxf3 b6 37. Ke4 bxc5 38. Kd5 Ra6 39. Rc3 Ra5 40. Kc4 Kf7 41. Kd5 Kf6 42. Rf3+ Ke7 43. Rg3 g5 44. Rf3 Kd7 45. Rf7+ Ke8 46. Rf3 Ke7 47. Re3+ Kf6 48. Rf3+ Kg6 49. Kc4 Kh5 50. Rg3 Kh4 51. Kd5 g4 52. Kc4 a6 53. Kd5 Rb5 54. Rg2 Rb3 55. Ra2 Rc3 56. a4 c4 57. Kc5 Rc1 58. Kb6 c3 59. Kxa6 c2 60. Rb2 Kh3 61. a5 Kxh2 62. Rb7 Rf1 0-1

[Event "Stuttgart-chA int"]
[Site "Gerlingen"]
[Date "2011.06.03"]
[Round "5"]
[White "Gentner, Markus"]
[Black "Melzner, Lukas"]
[Result "1/2-1/2"]
[WhiteElo "2023"]
[BlackElo "2183"]
[PlyCount "67"]
[EventDate "2011.06.02"]
[EventType "swiss"]
[EventRounds "7"]
[EventCountry "GER"]
[SourceTitle "EXT 2018"]
[Source "ChessBase"]
[SourceDate "2017.10.13"]
[SourceVersion "1"]
[SourceVersionDate "2017.10.13"]
[SourceQuality "1"]

1. Nf3 e6 2. d4 Nf6 3. e3 b6 4. Bd3 Bb7 5. Nbd2 c5 6. c3 Be7 7. 0-0 0-0 8. Qe2 Qc7 9. a4 a6 10. Ng5 h6 11. Nge4 Nxe4 12. Nxe4 c4 13. Bc2 b5 14. Bd2 d5 15. Ng3 Nd7 16. e4 dxe4 17. Nxe4 Bd6 18. f4 Rab8 19. axb5 Bxe4 20. Bxe4 Rxb5 21. Ra2 Nf6 22. Bc2 a5 23. g3 Ra8 24. Bc1 Rd5 25. Ra4 Rc8 26. Bb1 Qc6 27. Qc2 Rh5 28. Rf2 Ng4 29. Rg2 Qf3 30. Qe2 Nxh2 31. Qxf3 Nxf3+ 32. Kf2 Rh1 33. Kxf3 Rxc1 34. Bc2 1/2-1/2

[Event "Stuttgart-chA int"]
[Site "Gerlingen"]
[Date "2011.06.02"]
[Round "2"]
[White "Melzner, Lukas"]
[Black "Zeller, Elisa"]
[Result "1-0"]
[WhiteElo "2183"]
[BlackElo "1795"]
[PlyCount "87"]
[EventDate "2011.06.02"]
[EventType "swiss"]
[EventRounds "7"]
[EventCountry "GER"]
[SourceTitle "EXT 2018"]
[Source "ChessBase"]
[SourceDate "2017.10.13"]
[SourceVersion "1"]
[SourceVersionDate "2017.10.13"]
[SourceQuality "1"]

1. c4 Nf6 2. Nc3 g6 3. g3 Bg7 4. Bg2 d6 5. e3 0-0 6. Nge2 c5 7. 0-0 Nc6 8. a3 Bd7 9. Rb1 a6 10. b4 cxb4 11. axb4 Rb8 12. b5 Ne5 13. d3 axb5 14. f4 Nc6 15. Nxb5 Ne8 16. Nec3 Nc7 17. Nxc7 Qxc7 18. Nd5 Qd8 19. Ba3 Qa5 20. Qb3 Rfe8 21. Rf2 Qd8 22. Ra2 b5 23. cxb5 Na5 24. Qa4 Ra8 25. Bb4 Nb7 26. Qxa8 Qxa8 27. Rxa8 Rxa8 28. Nxe7+ Kf8 29. Bxb7 Rb8 30. Nxg6+ Kg8 31. Ne7+ Kf8 32. Bxd6 Rxb7 33. Nf5+ Kg8 34. Nxg7 Kxg7 35. b6 Ba4 36. Rb4 Bc6 37. Bc7 Kf8 38. d4 Ke7 39. Rc4 Kd7 40. Rxc6 Kxc6 41. e4 f6 42. g4 h6 43. h4 Kd7 44. d5 1-0

[Event "GER-chT Universities"]
[Site "Augsburg"]
[Date "2010.10.08"]
[Round "5.1"]
[White "Melzner, Lukas"]
[Black "Werner, Daniel"]
[Result "1-0"]
[WhiteElo "2089"]
[BlackElo "2091"]
[PlyCount "147"]
[EventDate "2010.10.06"]
[EventType "team-swiss"]
[EventRounds "6"]
[EventCountry "GER"]
[SourceTitle "EXT 2016"]
[Source "ChessBase"]
[SourceDate "2015.10.08"]
[SourceVersion "1"]
[SourceVersionDate "2015.10.08"]
[SourceQuality "1"]
[WhiteTeam "Augsburg Uni III"]
[BlackTeam "Muenster Uni"]
[WhiteTeamCountry "GER"]
[BlackTeamCountry "GER"]

1. c4 e5 2. g3 Nf6 3. Bg2 d5 4. cxd5 Nxd5 5. Nc3 Nb6 6. Nf3 Nc6 7. 0-0 Be7 8. a3 Be6 9. b4 0-0 10. Rb1 f6 11. d3 Nd5 12. Qc2 Nxc3 13. Qxc3 Nd4 14. Nxd4 exd4 15. Qc2 Rb8 16. Bf4 Bd6 17. Bxd6 Qxd6 18. Rfc1 c6 19. Qc5 Qxc5 20. bxc5 Rfd8 21. Rb2 Bd5 22. Rcb1 Bxg2 23. Kxg2 Rd7 24. a4 a5 25. Kf3 f5 26. Rb6 Kf7 27. Rxc6 bxc6 28. Rxb8 Rd5 29. Kf4 Kf6 30. h4 Rxc5 31. Ra8 Rd5 32. Ra6 Rc5 33. e3 Rc2 34. Kf3 Rc3 35. Rxa5 Rxd3 36. Ke2 Ra3 37. exd4 Ke6 38. Ra7 g6 39. Ra5 Kd6 40. h5 f4 41. hxg6 hxg6 42. gxf4 Kd7 43. d5 cxd5 44. Rxd5+ Kc6 45. Rd4 Kc5 46. Re4 Kd5 47. f3 Ra2+ 48. Ke3 Kd6 49. Rb4 Ke6 50. Rb6+ Kf7 51. Ra6 Ra1 52. a5 Ra3+ 53. Kf2 Ra2+ 54. Kg3 Kg7 55. Ra8 Kf6 56. a6 Kf7 57. f5 gxf5 58. f4 Ra4 59. Kf3 Ra3+ 60. Ke2 Kg6 61. Kd2 Kg7 62. Kc2 Ra4 63. Kb3 Ra1 64. Kc4 Rc1+ 65. Kd5 Ra1 66. a7 Kh7 67. Ke6 Ra6+ 68. Kxf5 Ra5+ 69. Kf6 Ra1 70. f5 Ra2 71. Kf7 Ra1 72. f6 Ra2 73. Kf8 Kg6 74. Kg8 1-0

[Event "GER-chT Universities"]
[Site "Augsburg"]
[Date "2010.10.07"]
[Round "3.1"]
[White "Webner, Dennis"]
[Black "Melzner, Lukas"]
[Result "1-0"]
[WhiteElo "1895"]
[BlackElo "2089"]
[PlyCount "79"]
[EventDate "2010.10.06"]
[EventType "team-swiss"]
[EventRounds "6"]
[EventCountry "GER"]
[SourceTitle "EXT 2016"]
[Source "ChessBase"]
[SourceDate "2015.10.08"]
[SourceVersion "1"]
[SourceVersionDate "2015.10.08"]
[SourceQuality "1"]
[WhiteTeam "Muenster Uni II"]
[BlackTeam "Augsburg Uni III"]
[WhiteTeamCountry "GER"]
[BlackTeamCountry "GER"]

1. d4 e6 2. e4 d5 3. Be3 dxe4 4. f3 exf3 5. Nxf3 Nf6 6. Bd3 Be7 7. 0-0 b6 8. Nbd2 Bb7 9. Bg5 Nbd7 10. Qe1 h6 11. Bh4 c5 12. c3 cxd4 13. cxd4 Rc8 14. Rd1 0-0 15. Nc4 Bd5 16. Nfe5 Nxe5 17. dxe5 Ne4 18. Rf4 Ng5 19. Bf2 f5 20. Ne3 Bc5 21. Nxd5 exd5 22. Bxf5 Nh3+ 23. gxh3 Qg5+ 24. Rg4 Rxf5 25. Bxc5 Qh5 26. Bd4 Rcf8 27. Qg3 Qf7 28. Qg2 g5 29. h4 Kh7 30. hxg5 hxg5 31. Re1 Qh5 32. Rg3 Kg6 33. Rh3 g4 34. Rxh5 Kxh5 35. e6 Kh4 36. e7 Re8 37. Qg3+ Kh5 38. Re5 Kg5 39. Rxf5+ Kxf5 40. Qe5+ 1-0

[Event "GER-chT Universities"]
[Site "Augsburg"]
[Date "2010.10.06"]
[Round "1.1"]
[White "Loxine, Jakov"]
[Black "Melzner, Lukas"]
[Result "1/2-1/2"]
[WhiteElo "2350"]
[BlackElo "2089"]
[PlyCount "62"]
[EventDate "2010.10.06"]
[EventType "team-swiss"]
[EventRounds "6"]
[EventCountry "GER"]
[SourceTitle "EXT 2016"]
[Source "ChessBase"]
[SourceDate "2015.10.08"]
[SourceVersion "1"]
[SourceVersionDate "2015.10.08"]
[SourceQuality "1"]
[WhiteTeam "Dresden TU"]
[BlackTeam "Augsburg Uni III"]
[WhiteTeamCountry "GER"]
[BlackTeamCountry "GER"]

1. Nf3 e6 2. c4 Nf6 3. g3 d5 4. d4 Nbd7 5. Bg2 dxc4 6. 0-0 c6 7. a4 Be7 8. Nfd2 e5 9. Nxc4 exd4 10. Qxd4 Nb6 11. Qxd8+ Bxd8 12. Nd6+ Ke7 13. Nxc8+ Rxc8 14. a5 Nbd7 15. Be3 a6 16. Rd1 Bc7 17. Ra4 Rhd8 18. Nc3 Ne5 19. Rxd8 Rxd8 20. Rb4 Bxa5 21. Rxb7+ Rd7 22. Bc5+ Kd8 23. Bb6+ Bxb6 24. Rxb6 Rd2 25. Rxa6 Rxb2 26. f4 Neg4 27. Rxc6 Ne3 28. Bf3 Rc2 29. h3 Kd7 30. Rc5 Rc1+ 31. Kh2 Nf1+ 1/2-1/2

[Event "Nuremberg Zabo op 12th"]
[Site "Nuremberg"]
[Date "2010.09.17"]
[Round "1"]
[White "Myagkov, Kirill"]
[Black "Melzner, Lukas"]
[Result "1/2-1/2"]
[WhiteElo "1663"]
[BlackElo "2089"]
[PlyCount "56"]
[EventDate "2010.09.17"]
[EventType "swiss"]
[EventRounds "5"]
[EventCountry "GER"]
[SourceTitle "EXT 2011"]
[Source "ChessBase"]
[SourceDate "2010.11.26"]
[SourceVersion "1"]
[SourceVersionDate "2010.11.26"]
[SourceQuality "1"]

1. e4 e6 2. d4 d5 3. exd5 exd5 4. Bd3 Bd6 5. Ne2 Nf6 6. Bf4 0-0 7. 0-0 Bxf4 8. Nxf4 Qd6 9. Qd2 Nc6 10. c3 Ne7 11. Re1 Bf5 12. Bxf5 Nxf5 13. Re5 g6 14. f3 Rae8 15. Qe2 Ne7 16. Na3 a6 17. Nd3 Nc6 18. Rxe8 Rxe8 19. Qd2 b6 20. Re1 Rxe1+ 21. Qxe1 Kg7 22. Qe3 h6 23. Nc2 a5 24. Qf4 Qxf4 25. Nxf4 Ne7 26. Ne3 c6 27. Nd3 Nd7 28. Kf2 f6 1/2-1/2